000 00435nam a22001697a 4500
005 20180727152011.0
008 160518b xxu||||| |||| 00| 0 eng d
020 _a978-81-203-1709-3
041 _aeng
082 _b2866
_a658.3
100 _aKrisan AC Buddy and Merries, Patricia
_94649
245 _aEffective Business Communication
260 _bSouth Western
_c2008
300 _a436p,
650 _aManagement
_9241
942 _cBK
999 _c1008
_d1008